Traite complet de comptabilite des societes
Αποθηκεύτηκε σε:
| Κύριος συγγραφέας: | |
|---|---|
| Μορφή: | Βιβλίο |
| Γλώσσα: | Greek |
| Δημοσίευση: |
Bruxelles :
Les Editions comptables commerciales et financieres,
1947
|
| Σειρά: | Bibliotheque generale des sciences economiques ;
; 28 |
| Θέματα: | |
| Ετικέτες: |
Προσθήκη ετικέτας
Δεν υπάρχουν, Καταχωρήστε ετικέτα πρώτοι!
|
MARC
| LEADER | 00000cam a2200000 i 4500 | ||
|---|---|---|---|
| 001 | 1/68268 | ||
| 008 | 150303s1947 gre d | ||
| 035 | |l 10121322 | ||
| 040 | |a GR-MY-UA |b gre |e aacr | ||
| 041 | 0 | |a gre | |
| 082 | 0 | |a 657 |2 (23) | |
| 100 | 1 | |a Jacques, Raymond. | |
| 245 | 1 | 0 | |a Traite complet de comptabilite des societes / |c par Raymond Jacques |
| 260 | |a Bruxelles : |b Les Editions comptables commerciales et financieres, |c 1947 | ||
| 300 | |a 486 σ.; |c 25 εκ. | ||
| 490 | 1 | |a Bibliotheque generale des sciences economiques |v ; 28 | |
| 650 | 0 | 0 | |a Corporations |x Accounting. |
| 830 | 0 | |a Bibliotheque generale des sciences economiques ; |v ; 28 | |
| 852 | |a INST |b SAMOS |c PORFYRIADA |e 20150303 |h 657 JAC |p 005300041879 |q 005300041879 |t NOLOAN |y 23 | ||
| 901 | |a BIBL3-2015-1 | ||
| 909 | |a Σ |b 191920 | ||
| 970 | |a ΣΙΤΖΙΜΗ |b ΓΙΑΣΕΜΗ |z 2015/03/03 | ||